Armoiries des provinces de Belgique - Statistiques

Statistiques générales
  • Ce quiz a été pris 43 fois
  • Le résultat moyen est 9 sur 10
Statistiques - réponses
Par images Réponse % Correct
Liège
90%
Luxembourg
90%
Brabant wallon
87%
Anvers
85%
Flandre occidentale
85%
Flandre orientale
85%
Hainaut
85%
Namur
85%
Brabant flamand
82%
Limbourg
82%
Aucun quiz correspondant
Distribution des résultats
% des personnes avec chaque résultat
Percentile par nombre de réponses
Votre historique - résultats
Vous n’avez pas pris ce quiz